000
00207nam a22000857a 4500
008
170301b xxu||||| |||| 00| 0 eng d
100
_9
2975
_a
Allen.R
245
_a
English Dictionary
260
_a
New Delhi
_b
PB
_c
2008
999
_c
6220
_d
6220